Vplyv výroby lesných štiepok na ekológiu lesa

Bibliographic Details
Main Author: Gersová, Viera (Author)
Format: Article
Language:Slovak
PhysicalDescription:Obr. 3.
Subjects:

MARC

LEADER 00000nab a2200000 a 4500
001 vtls000346408
003 SK-MaSNL
005 20260304172516.0
008 250526c1989 xo 0 slo
015 |a SNBRB19rr/mm-uuuuu 
035 |a CL0346530 
035 |a urn:nbn:sk:snk-ab2d17 
035 |a (urnnbn)urn:nbn:sk:snk:ar-a026a1 
035 |a (uuid)fc402716-29b8-4640-afa8-d3179f8d6b51 
040 |a SNKBUCL  |b slo  |c SNKBUCL  |e AACR2 
041 0 |a slo 
044 |a xo  |c SK 
080 |a 630 33  |2 1981 
100 1 |a Gersová, Viera  |4 aut  |9 942210 
245 1 0 |a Vplyv výroby lesných štiepok na ekológiu lesa  |c Viera Gersová 
300 |b Obr. 3. 
650 0 7 |a štiepky lesné  |2 snkbucl  |9 933673 
650 0 7 |a lesné hospodárstvo  |2 snkbucl  |9 1256 
655 7 |a články z novín a časopisov  |2 snkbucl  |9 267496 
773 0 |t Les  |g Roč. 45, č. 3 (1989), s. 10-11 
850 |a Slovenská národná knižnica 
852 |a Slovenská národná knižnica 
954 |a odborná, vedecká literatúra pôvodná (slovenská)  |2 lita 
958 |a ONDV 
958 |a article2022 
958 |a RK 
992 |a RBX 
999 |c 2998913  |d 3000843